Propiedades fundamentales de la Leucaena leucocephala para su utilización en la producción de papel

Salvato in:
Dettagli Bibliografici
Autore principale: Muñoz Moreira, Roy Alberto
Natura: Libro
Pubblicazione: San José, Costa Rica 1990
Soggetti:
Tags: Aggiungi Tag
Nessun Tag, puoi essere il primo ad aggiungerne!!

MARC

LEADER 00000nam a2200000Ia 4500
003 005006
005 20221231144332.0
008 140114s1990 cr a m 000 ||s d
040 |c cru CEDI 
090 |a TFG 2365 
100 |a Muñoz Moreira, Roy Alberto  |9 13000 
245 |a Propiedades fundamentales de la Leucaena leucocephala para su utilización en la producción de papel  
260 |c 1990  |a San José, Costa Rica 
300 |a  vii,158 hojas : ilustraciones ; 28 cm.  
500 |a  Proyecto de graduación (licenciatura en ingeniería química)--Universidad de Costa Rica. Facultad de Ingeniería. Escuela de Ingeniería Química  
650 |x PAPEL - INDUSTRIA Y COMERCIO   |x PULPA DE MADERA - INVESTIGACIONES  |9 13001 
942 |c TFG 
999 |c 20347  |d 20347